000 00248nam a2200109Ia 4500
008 190914s9999||||xx |||||||||||||| ||und||
100 _aRobbins, Coulter
245 0 _aManagement
260 _aNew Delhi
_bDorling
_c2005
300 _a352
942 _cBK
999 _c9906
_d9906